Carin Göring

Bibliographic Details
Main Author: Wilamowitz-Moellendorff, Fanny von (Author)
Format: Book
Language:German
PhysicalDescription:159, [1] s., [22] s. fot. príl. 8°
Published: Berlin Martin Warneck 1940

MARC

LEADER 00000nam a2200000 a 4500
001 vtls001356995
003 SK-MaSNL
005 20260301114953.0
008 251124s1940 DE 0 ger
035 |a SNK000310487 
040 |a SNK  |b slo  |c SNK  |e AACR2 
041 0 |a ger 
044 |a DE 
100 1 |a Wilamowitz-Moellendorff, Fanny von  |4 aut  |9 459221 
245 1 0 |a Carin Göring  |c Fanny von Wilamowitz-Moellendorff 
260 |a Berlin  |b Martin Warneck  |c 1940 
300 |a 159, [1] s., [22] s. fot. príl.  |c 8° 
958 |a RK 
999 |c 720440  |d 722370 
952 |t P60, <04>, [BOOK], {604}  |a SNK  |b SNK  |y VYP  |7 0  |o snkID 90316  |i snkD 558/90  |0 0  |1 0  |4 0  |d 1999-03-08  |l 0  |r 2005-01-02 00:00:00  |w 2026-02-23